00855nam a2200229 i 4500001000700000003000900007005001700016007000300033008004100036100001700077245014600094250001200240260005900252300003700311490011200348600002000460650001600480700002000496700002600516830005100542852003200593145455ES-MaACL20250815100951.0t|070214s1973 sp r ||||1| spa d1 aStern, Curt.13aEl origen de la Genética b: un libro fontal de Mendel / cC. Stern, E. R. Sherwood ; versión española de Paulino Rodríguez, O. S. A. a1ª ed. aMadrid : bAlhambra, c1973 (fSelecciones Gráficas) aXVIII, 137 p. : bil. ; c20 cm.1 aExedra : ciencia, técnica, ingeniería. Sección XII. Historia y Filosofía de las ciencias (4) ; v8504aMendel, Gregor.04aGenética.1 aSherwood, E. R.1 aRodríguez, Paulino.00aExedra. pCiencia, técnica, ingenieríav85 aES-MaACLjC-52539 bR.85389